[Event "British Columbia-ch U20"]
[Site "Vancouver CAN"]
[Date "2011.11.13"]
[Round "4.4"]
[White "Lee, Andrew"]
[Black "Hui, Jeremy"]
[Result "1/2-1/2"]
[WhiteElo "1639"]
[BlackElo "1848"]
[PlyCount "163"]
[GameId "2160767909573610"]
[EventDate "2011.11.12"]
[EventType "swiss"]
[EventRounds "5"]
[EventCountry "CAN"]
[SourceTitle "EXT 2022"]
[Source "ChessBase"]
[SourceDate "2021.10.06"]
[SourceVersion "1"]
[SourceVersionDate "2021.10.06"]
[SourceQuality "1"]

1. e4 e6 2. d4 d5 3. Nc3 Bb4 4. e5 c5 5. a3 Bxc3+ 6. bxc3 Ne7 7. Qg4 O-O 8. Nf3 Nbc6 9. Bd3 f5 10. exf6 Rxf6 11. Qh4 Nf5 12. Bxf5 exf5 13. O-O Qe8 14. Re1 Re6 15. Rxe6 Qxe6 16. Bd2 Qe4 17. Re1 Qxh4 18. Nxh4 cxd4 19. Re8+ Kf7 20. Rh8 dxc3 21. Bxc3 d4 22. Bb2 Kf6 23. Nf3 h6 24. Bxd4+ Nxd4 25. Nxd4 b6 26. Nb5 Bb7 27. Rxa8 Bxa8 28. Nxa7 Bb7 29. Nb5 Ke5 30. c4 Ba6 31. a4 Bxb5 32. cxb5 Kd5 33. Kf1 Kc5 34. Ke2 Kb4 35. Kd3 Kxa4 36. Kc4 g6 37. h4 g5 38. h5 Ka5 39. Kd5 Kxb5 40. Ke5 Kc5 41. Kxf5 b5 42. Kg6 b4 43. Kxh6 b3 44. Kg7 b2 45. h6 b1=Q 46. h7 Qb7+ 47. Kg8 Qc8+ 48. Kg7 Qd7+ 49. Kg8 Qe6+ 50. Kg7 Qe5+ 51. Kg8 Qd5+ 52. Kg7 Qd4+ 53. Kg8 Qxf2 54. h8=Q Qxg2 55. Qc3+ Kd6 56. Qf6+ Kd5 57. Qd8+ Ke5 58. Qe8+ Kf4 59. Qf7+ Kg3 60. Qc7+ Kh4 61. Qh7+ Kg4 62. Qd7+ Kf3 63. Qb7+ Kf2 64. Qa7+ Kf1 65. Qa1+ Kf2 66. Qa7+ Kg3 67. Qc7+ Kg4 68. Qd7+ Kf4 69. Qc7+ Kf5 70. Qd7+ Ke5 71. Qe7+ Kd4 72. Qa7+ Kc4 73. Qa4+ Kc5 74. Qa7+ Kd6 75. Qb8+ Kd7 76. Qa7+ Kc8 77. Qc5+ Kd7 78. Qa7+ Ke6 79. Qf7+ Ke5 80. Qe7+ Kf4 81. Qc7+ Kg4 82. Qd7+ 1/2-1/2

[Event "British Columbia-ch U20"]
[Site "Vancouver CAN"]
[Date "2011.11.13"]
[Round "4.6"]
[White "Han, Lionel"]
[Black "Pulfer, Luke"]
[Result "1-0"]
[WhiteElo "1557"]
[BlackElo "1429"]
[PlyCount "110"]
[GameId "2160767909573612"]
[EventDate "2011.11.12"]
[EventType "swiss"]
[EventRounds "5"]
[EventCountry "CAN"]
[SourceTitle "EXT 2022"]
[Source "ChessBase"]
[SourceDate "2021.10.06"]
[SourceVersion "1"]
[SourceVersionDate "2021.10.06"]
[SourceQuality "1"]

1. e4 e5 2. Nf3 Nc6 3. Bc4 Nf6 4. d3 Be7 5. O-O d6 6. c3 O-O 7. h3 d5 8. exd5 Nxd5 9. Re1 Nb6 10. Bb3 Bd6 11. Nbd2 Bf5 12. Ne4 Be7 13. Bc2 Qd7 14. Ng3 Bd6 15. Nxf5 Qxf5 16. d4 Qe6 17. dxe5 Nxe5 18. Nxe5 Bxe5 19. Qh5 f5 20. Bf4 Nd7 21. Bb3 Qxb3 22. axb3 Bxf4 23. Re7 Rad8 24. Rae1 Nf6 25. Qxf5 Bd6 26. R7e2 Kh8 27. Qb5 Nd5 28. Re8 Ne7 29. Rxd8 Rxd8 30. Qxb7 Rf8 31. Qxa7 h6 32. Qb7 Bc5 33. Rf1 Bd6 34. b4 Rd8 35. Re1 Nd5 36. Kf1 Ne7 37. c4 Ng6 38. c5 Bf4 39. g3 Bg5 40. Qxc7 Bf6 41. b5 Kh7 42. b6 Rd2 43. Re2 Rd4 44. Kg2 Bd8 45. Qa7 Rd5 46. b7 Bc7 47. b4 Nf8 48. Re7 Bd8 49. Rxg7+ Kxg7 50. b8=Q+ Rd7 51. Qxd7+ Nxd7 52. Qxd8 Nf6 53. c6 Ne4 54. Qe7+ Kg6 55. Qxe4+ Kf6 1-0

[Event "British Columbia-ch U20"]
[Site "Vancouver CAN"]
[Date "2011.11.13"]
[Round "5.1"]
[White "Cheng, Jack"]
[Black "Doknjas, John"]
[Result "1/2-1/2"]
[WhiteElo "2009"]
[BlackElo "2036"]
[PlyCount "72"]
[GameId "2160767909573613"]
[EventDate "2011.11.12"]
[EventType "swiss"]
[EventRounds "5"]
[EventCountry "CAN"]
[SourceTitle "EXT 2022"]
[Source "ChessBase"]
[SourceDate "2021.10.06"]
[SourceVersion "1"]
[SourceVersionDate "2021.10.06"]
[SourceQuality "1"]

1. e4 c5 2. Nf3 d6 3. d4 cxd4 4. Nxd4 Nf6 5. Nc3 a6 6. Be2 e5 7. Nb3 Be7 8. Bg5 O-O 9. Bxf6 Bxf6 10. Nd5 Bg5 11. O-O f5 12. Bf3 Nc6 13. Qd3 Ne7 14. Rad1 Kh8 15. a4 f4 16. a5 Nxd5 17. Qxd5 Be7 18. Nd2 Rf6 19. b4 Qc7 20. c4 Be6 21. Qd3 g5 22. h3 Rg8 23. Qe2 Qc8 24. Bg4 Bxg4 25. Qxg4 Qe8 26. Qe2 h5 27. g4 hxg4 28. hxg4 Rg7 29. Kg2 Rh7 30. Rh1 Rfh6 31. Rxh6 Rxh6 32. Nb1 Qa4 33. Nc3 Qxb4 34. Nd5 Qa3 35. Rd3 Qa1 36. Rd1 Qa3 1/2-1/2

[Event "British Columbia-ch U20"]
[Site "Vancouver CAN"]
[Date "2011.11.13"]
[Round "5.2"]
[White "Herdin, Matthew"]
[Black "Sohal, Tanraj"]
[Result "0-1"]
[WhiteElo "1746"]
[BlackElo "2214"]
[PlyCount "92"]
[GameId "2160767909573614"]
[EventDate "2011.11.12"]
[EventType "swiss"]
[EventRounds "5"]
[EventCountry "CAN"]
[SourceTitle "EXT 2022"]
[Source "ChessBase"]
[SourceDate "2021.10.06"]
[SourceVersion "1"]
[SourceVersionDate "2021.10.06"]
[SourceQuality "1"]

1. e4 c5 2. Nf3 e6 3. d4 cxd4 4. Nxd4 Nf6 5. Nc3 Nc6 6. Be3 Bb4 7. f3 d5 8. Bb5 Bd7 9. O-O e5 10. Bg5 Bxc3 11. bxc3 exd4 12. Bxc6 bxc6 13. e5 h6 14. exf6 hxg5 15. fxg7 Rg8 16. Re1+ Be6 17. Qxd4 Qb6 18. Rab1 Qxd4+ 19. cxd4 Rxg7 20. Rb7 Kf8 21. Rc7 Rc8 22. Rxa7 c5 23. dxc5 Rxc5 24. a4 Rg6 25. Rb1 Bc8 26. Rb8 Kg7 27. a5 Ba6 28. Rb6 Rxa5 29. Rxg6+ Kxg6 30. Kf2 Ra2 31. Kg3 Bc4 32. Rxa2 Bxa2 33. f4 Bb1 34. fxg5 Kxg5 35. c3 Be4 36. Kf2 Kf4 37. h3 Bf5 38. h4 Bg4 39. g3+ Ke4 40. Ke1 Kd3 41. Kf2 Kxc3 42. Ke3 d4+ 43. Kf4 f5 44. Kg5 d3 45. h5 Bxh5 46. Kxh5 d2 0-1

[Event "British Columbia-ch U20"]
[Site "Vancouver CAN"]
[Date "2011.11.13"]
[Round "5.3"]
[White "Cao, Jason"]
[Black "Lo, Ryan"]
[Result "0-1"]
[WhiteElo "2064"]
[BlackElo "2018"]
[PlyCount "68"]
[GameId "2160767909573615"]
[EventDate "2011.11.12"]
[EventType "swiss"]
[EventRounds "5"]
[EventCountry "CAN"]
[SourceTitle "EXT 2022"]
[Source "ChessBase"]
[SourceDate "2021.10.06"]
[SourceVersion "1"]
[SourceVersionDate "2021.10.06"]
[SourceQuality "1"]

1. e4 c5 2. Nf3 e6 3. d4 cxd4 4. Nxd4 a6 5. Bd3 Nf6 6. O-O Qc7 7. Nc3 d6 8. Be3 Be7 9. f4 O-O 10. Qf3 Nbd7 11. Qg3 Rd8 12. Rae1 Bf8 13. Nf3 Nc5 14. Bd4 Nxd3 15. cxd3 Ne8 16. Rc1 Bd7 17. Nd5 Qa5 18. Bb6 Qxa2 19. Bxd8 Rxd8 20. Nb6 Bc6 21. Nc4 d5 22. Nce5 Qxb2 23. Nxc6 bxc6 24. Rxc6 Qb5 25. Rc3 dxe4 26. Ne5 Bb4 27. Rc4 exd3 28. Qf2 d2 29. Qf3 f6 30. Qg4 fxe5 31. Qxe6+ Kh8 32. Rc8 Qxf1+ 33. Kxf1 d1=Q+ 34. Kf2 Be1+ 0-1

[Event "British Columbia-ch U20"]
[Site "Vancouver CAN"]
[Date "2011.11.13"]
[Round "5.4"]
[White "Hui, Jeremy"]
[Black "Xiao, Alice"]
[Result "1-0"]
[WhiteElo "1848"]
[BlackElo "1777"]
[PlyCount "80"]
[GameId "2160767909573616"]
[EventDate "2011.11.12"]
[EventType "swiss"]
[EventRounds "5"]
[EventCountry "CAN"]
[SourceTitle "EXT 2022"]
[Source "ChessBase"]
[SourceDate "2021.10.06"]
[SourceVersion "1"]
[SourceVersionDate "2021.10.06"]
[SourceQuality "1"]

1. e4 d5 2. exd5 Qxd5 3. Nf3 Nf6 4. d4 Bg4 5. Be2 e6 6. O-O Nc6 7. c3 Bd6 8. Re1 Be7 9. Bf4 Qd7 10. Nbd2 Bf5 11. Nc4 Nd5 12. Bg3 O-O 13. Nce5 Nxe5 14. Nxe5 Qd8 15. Bg4 Bxg4 16. Qxg4 c5 17. dxc5 Bxc5 18. Rad1 Qe8 19. Nc4 Nf6 20. Qg5 Qb5 21. Be5 h6 22. Qf4 Be7 23. b3 Rad8 24. Bd4 Qa6 25. Rd2 Nd5 26. Qg4 Bf6 27. Red1 Bxd4 28. Qxd4 Rc8 29. a4 b5 30. axb5 Qxb5 31. Nd6 Qxb3 32. Nxc8 Rxc8 33. Qxa7 Rxc3 34. g3 Rc2 35. Kg2 Rxd2 36. Rxd2 Qb1 37. Qa4 Qb7 38. Kg1 Qb1+ 39. Qd1 Qb6 40. Qe2 Qb1+ 1-0

[Event "British Columbia-ch U20"]
[Site "Vancouver CAN"]
[Date "2011.11.13"]
[Round "5.5"]
[White "Han, Lionel"]
[Black "Lee, Andrew"]
[Result "1/2-1/2"]
[WhiteElo "1557"]
[BlackElo "1639"]
[PlyCount "68"]
[GameId "2160767909573617"]
[EventDate "2011.11.12"]
[EventType "swiss"]
[EventRounds "5"]
[EventCountry "CAN"]
[SourceTitle "EXT 2022"]
[Source "ChessBase"]
[SourceDate "2021.10.06"]
[SourceVersion "1"]
[SourceVersionDate "2021.10.06"]
[SourceQuality "1"]

1. e4 c5 2. Nf3 d6 3. d4 cxd4 4. Nxd4 Nf6 5. Nc3 a6 6. Be2 e6 7. Be3 Be7 8. O-O O-O 9. f4 Qc7 10. Bf3 Nc6 11. Qd2 Bd7 12. a4 Rab8 13. Nxc6 Bxc6 14. a5 Nd7 15. Na4 Nc5 16. Nxc5 dxc5 17. Qf2 Bb5 18. Rfc1 Rbc8 19. c4 Bc6 20. Rd1 Rfd8 21. e5 Be8 22. Rdc1 Qb8 23. Ra3 Bc6 24. Rb3 Bxf3 25. Qxf3 Rd7 26. Rd1 Rcd8 27. Rxd7 Rxd7 28. Qc6 Qc7 29. Qxc7 Rxc7 30. Rb6 Kf8 31. Kf2 Ke8 32. Ke2 Rd7 33. Rb3 Kd8 34. Rd3 Rxd3 1/2-1/2

[Event "British Columbia-ch w"]
[Site "Burnaby CAN"]
[Date "2011.10.09"]
[Round "1.1"]
[White "Foote, Joanne"]
[Black "Xiao, Alice"]
[Result "1/2-1/2"]
[WhiteElo "1529"]
[BlackElo "1784"]
[PlyCount "97"]
[GameId "2160767909647945"]
[EventDate "2011.10.09"]
[EventType "tourn"]
[EventRounds "3"]
[EventCountry "CAN"]

1. e4 d5 2. exd5 Qxd5 3. Nc3 Qd6 4. d4 Nf6 5. Nf3 c6 6. Be2 Bg4 7. Ne5 Bxe2 8. Nxe2 Nbd7 9. Bf4 Qb4+ 10. Qd2 Qb6 11. O-O Nxe5 12. Bxe5 Nd7 13. Bf4 e6 14. c4 Be7 15. Nc3 O-O 16. d5 e5 17. Be3 Qc7 18. Ne4 cxd5 19. cxd5 Nf6 20. Nc3 Rfd8 21. Rfd1 Bb4 22. Rac1 Qe7 23. a3 Bxc3 24. d6 Qe6 25. Qxc3 Ne4 26. Qb4 Nxd6 27. Bc5 a5 28. Qd2 Ra6 29. h3 h6 30. Rc3 Rc6 31. Be3 Rxc3 32. Qxc3 Re8 33. Qxa5 Nc4 34. Qc3 Nxe3 35. Qxe3 Qc6 36. Rc1 Qb5 37. Rc2 Qa4 38. Qe2 Qd7 39. Rd2 Qc6 40. Rc2 Qb6 41. Qe4 Qd6 42. Qe2 Qd5 43. Rd2 Qc6 44. Rc2 Qb6 45. Qe4 Qd6 46. Qe2 Qf6 47. Rd2 Qf5 48. Rc2 e4 49. Rc3 1/2-1/2

[Event "British Columbia-ch w"]
[Site "Burnaby CAN"]
[Date "2011.10.09"]
[Round "1.2"]
[White "Botez, Alexandra"]
[Black "Datcu-Romano, Anca"]
[Result "1-0"]
[WhiteElo "2076"]
[BlackElo "1801"]
[PlyCount "89"]
[GameId "2160767909647946"]
[EventDate "2011.10.09"]
[EventType "tourn"]
[EventRounds "3"]
[EventCountry "CAN"]

1. d4 Nf6 2. c4 g6 3. f3 Bg7 4. e4 d6 5. Nc3 O-O 6. Be3 Na6 7. Qd2 e5 8. d5 Bd7 9. Rb1 Nc5 10. b4 Na6 11. c5 Re8 12. c6 Bc8 13. Bxa6 bxa6 14. Qf2 Nh5 15. Nge2 Nf4 16. Nxf4 exf4 17. Bd4 f5 18. O-O fxe4 19. fxe4 g5 20. Bxg7 Kxg7 21. Qd4+ Qf6 22. Qxf6+ Kxf6 23. g3 Ke5 24. Kg2 Bg4 25. h3 Bh5 26. g4 Bg6 27. Kf3 Rab8 28. Rfe1 h5 29. Nd1 hxg4+ 30. hxg4 a5 31. b5 Rh8 32. Nf2 Rbe8 33. Rb3 Kd4 34. Ra3 Kc5 35. Rxa5 Ra8 36. b6+ Kxb6 37. Ra4 a5 38. Rb1+ Ka6 39. Rb7 Rab8 40. Rxc7 Rb4 41. Rxb4 axb4 42. Rb7 Rc8 43. Rxb4 Ka5 44. Rb7 Ka6 45. Rg7 1-0

[Event "British Columbia-ch w"]
[Site "Burnaby CAN"]
[Date "2011.10.09"]
[Round "2.1"]
[White "Xiao, Alice"]
[Black "Datcu-Romano, Anca"]
[Result "0-1"]
[WhiteElo "1784"]
[BlackElo "1801"]
[PlyCount "114"]
[GameId "2160767909647947"]
[EventDate "2011.10.09"]
[EventType "tourn"]
[EventRounds "3"]
[EventCountry "CAN"]

1. e4 c5 2. Nf3 d6 3. Bb5+ Nc6 4. O-O a6 5. Bxc6+ bxc6 6. Nc3 Nf6 7. e5 Nd5 8. exd6 exd6 9. Nxd5 cxd5 10. Re1+ Be7 11. d4 O-O 12. Bf4 Bg4 13. Qd3 Bf6 14. c3 Qb6 15. Ng5 g6 16. dxc5 Qxc5 17. Rad1 Bf5 18. Qxd5 Qxd5 19. Rxd5 Rfe8 20. Red1 Re2 21. R5d2 Rae8 22. h3 h6 23. Nf3 Rxd2 24. Rxd2 g5 25. Bxd6 Be6 26. a3 Bg7 27. Bb4 Bc4 28. Ba5 Bf6 29. Rd6 Kg7 30. Rd2 h5 31. g4 hxg4 32. hxg4 Re4 33. Nh2 Be5 34. Bb6 Bxh2+ 35. Kxh2 Rxg4 36. Rd4 Rxd4 37. cxd4 f5 38. Kg3 Kf6 39. Bd8+ Kg6 40. Kf3 Bd5+ 41. Ke3 f4+ 42. Ke2 Kf5 43. Kd3 g4 44. Bc7 Bc6 45. Kc4 Ke4 46. Kc5 Bb5 47. b3 g3 48. fxg3 f3 49. a4 Bd7 50. Kd6 Bc8 51. d5 f2 52. b4 f1=Q 53. Bb6 Qf6+ 54. Kc5 Qd4+ 55. Kc6 Qxd5+ 56. Kc7 Qd7+ 57. Kb8 Qb7# 0-1

[Event "British Columbia-ch w"]
[Site "Burnaby CAN"]
[Date "2011.10.09"]
[Round "2.2"]
[White "Foote, Joanne"]
[Black "Botez, Alexandra"]
[Result "0-1"]
[WhiteElo "1529"]
[BlackElo "2076"]
[PlyCount "112"]
[GameId "2160767909647948"]
[EventDate "2011.10.09"]
[EventType "tourn"]
[EventRounds "3"]
[EventCountry "CAN"]

1. e4 e6 2. d4 d5 3. Nd2 Ne7 4. Bd3 Nd7 5. Ne2 c5 6. c3 cxd4 7. cxd4 dxe4 8. Nxe4 Nd5 9. a3 Be7 10. O-O O-O 11. N2c3 N7f6 12. Re1 Bd7 13. Nxf6+ Nxf6 14. d5 exd5 15. Bc2 Be6 16. Be3 a6 17. Qd3 g6 18. Rad1 Qd7 19. Bb3 Rfd8 20. Bb6 Rdc8 21. Nxd5 Nxd5 22. Bxd5 Bxd5 23. Qxd5 Qxd5 24. Rxd5 Bf6 25. Bd4 Bxd4 26. Rxd4 Rc2 27. Rb4 b5 28. h3 Rd8 29. Re7 Rd1+ 30. Kh2 Rxf2 31. a4 Rdd2 32. axb5 Rxg2+ 33. Kh1 Rh2+ 34. Kg1 Rdg2+ 35. Kf1 Rc2 36. Kg1 axb5 37. Rxb5 Rhd2 38. Re1 Rxb2 39. Rc5 Rg2+ 40. Kh1 Rh2+ 41. Kg1 Rxh3 42. Rce5 h5 43. R5e4 Rg3+ 44. Kh1 Rf2 45. Ra1 Kg7 46. Rb1 g5 47. Re5 h4 48. Rbb5 Kg6 49. Rb6+ Rf6 50. Rb8 Rc6 51. Re7 Rc1+ 52. Kh2 Rc2+ 53. Kh1 h3 54. Rb1 Rgc3 55. Ree1 g4 56. Kg1 f5 0-1

[Event "British Columbia-ch w"]
[Site "Burnaby CAN"]
[Date "2011.10.09"]
[Round "3.1"]
[White "Botez, Alexandra"]
[Black "Xiao, Alice"]
[Result "1-0"]
[WhiteElo "2076"]
[BlackElo "1784"]
[PlyCount "151"]
[GameId "2160767909647949"]
[EventDate "2011.10.09"]
[EventType "tourn"]
[EventRounds "3"]
[EventCountry "CAN"]

1. d4 d5 2. c4 e6 3. Nf3 Nf6 4. Nc3 Be7 5. cxd5 exd5 6. Bf4 c6 7. Qc2 Nbd7 8. e3 O-O 9. O-O-O a5 10. Bd3 b5 11. Rdg1 b4 12. Na4 c5 13. dxc5 Ba6 14. Bxa6 Rxa6 15. Kb1 Ne4 16. c6 Ndc5 17. Nxc5 Bxc5 18. Nd4 Qf6 19. f3 Bxd4 20. fxe4 Rxc6 21. Qd2 Bc3 22. bxc3 bxc3 23. Qd4 Qe7 24. Ka1 Qa3 25. Rb1 Rc4 26. Rb3 Qa4 27. Qxd5 Rfc8 28. Qb5 Qxb5 29. Rxb5 Rxe4 30. Rc1 a4 31. Rxc3 Rd8 32. Rd5 Rde8 33. Re5 R4xe5 34. Bxe5 f6 35. Bd4 Rb8 36. Rc4 Rb5 37. Rc5 Rb4 38. a3 Rb3 39. Ka2 Rd3 40. Rc2 Kf7 41. Re2 Ke6 42. Bc5 g6 43. Bb4 f5 44. Kb2 Ke5 45. Kc2 Ke4 46. Bc5 Rd7 47. Kc3 Rb7 48. Rb2 Rc7 49. Kc4 Rd7 50. Rb8 Ke5 51. Re8+ Kf6 52. Kb4 Rd2 53. Kxa4 Rxg2 54. Bd6 Rd2 55. Bg3 h5 56. h4 Rg2 57. Bc7 Rg4+ 58. Kb5 Kf7 59. Rd8 Rxh4 60. a4 Re4 61. Bf4 Ke7 62. Rc8 Kf6 63. a5 g5 64. Rc6+ Kf7 65. Bxg5 Rg4 66. Bf4 h4 67. a6 Rg8 68. Rh6 Ra8 69. Kb6 Ke7 70. a7 Rc8 71. Kb7 Rc2 72. a8=Q Rb2+ 73. Kc6 Rc2+ 74. Kb7 Rb2+ 75. Rb6 Rd2 76. Bd6+ 1-0

[Event "British Columbia-ch w"]
[Site "Burnaby CAN"]
[Date "2011.10.09"]
[Round "3.2"]
[White "Datcu-Romano, Anca"]
[Black "Foote, Joanne"]
[Result "1-0"]
[WhiteElo "1801"]
[BlackElo "1529"]
[PlyCount "107"]
[GameId "2160767909647950"]
[EventDate "2011.10.09"]
[EventType "tourn"]
[EventRounds "3"]
[EventCountry "CAN"]

1. e4 c5 2. Nf3 d6 3. d4 cxd4 4. Nxd4 Nf6 5. Nc3 a6 6. f3 e5 7. Nb3 Be7 8. Bg5 b5 9. Qd2 Be6 10. h4 Nbd7 11. O-O-O O-O 12. g3 Nc5 13. Bh3 Bxh3 14. Rxh3 Qc8 15. g4 Rd8 16. Bxf6 Bxf6 17. Nd5 Nxb3+ 18. axb3 Qc6 19. g5 Qd7 20. Qg2 Be7 21. Nb6 Qc6 22. Nxa8 Rxa8 23. Qd2 Qc8 24. Rh2 a5 25. Qd5 b4 26. Qc4 Qxc4 27. bxc4 a4 28. Rd5 a3 29. bxa3 bxa3 30. Kb1 a2+ 31. Ka1 Bd8 32. c3 Ba5 33. Rd3 Bc7 34. Rxa2 Rxa2+ 35. Kxa2 Kf8 36. Kb3 Ke7 37. Kb4 f6 38. Kb5 fxg5 39. hxg5 Kf7 40. Kc6 Bd8 41. Kxd6 Bxg5 42. Kxe5 h5 43. Kf5 Be7 44. e5 g5 45. c5 Bxc5 46. Kxg5 Ke6 47. f4 Be7+ 48. Kxh5 Bf8 49. Kg6 Bc5 50. c4 Be7 51. Rd5 Ba3 52. f5+ Ke7 53. f6+ Ke8 54. f7+ 1-0

[Event "CAN-ch"]
[Site "Guelph CAN"]
[Date "2011.05.07"]
[Round "3"]
[White "Qin, Zi Yi (Joey)"]
[Black "Anastasovski, Nikola"]
[Result "1-0"]
[WhiteElo "2353"]
[BlackElo "2190"]
[PlyCount "141"]
[GameId "2160767909704542"]
[EventDate "2011.05.06"]
[EventType "swiss"]
[EventRounds "9"]
[EventCountry "CAN"]

1. e4 e5 2. Nf3 Nc6 3. Bc4 Nf6 4. d3 Bc5 5. c3 d6 6. Bb3 Bb6 7. h3 h6 8. Nbd2 O-O 9. Nc4 Be6 10. O-O Qd7 11. a4 Bxc4 12. Bxc4 d5 13. exd5 Nxd5 14. Qc2 a5 15. Re1 Rfe8 16. Bb5 Qf5 17. Bd2 Re6 18. Re2 Rd8 19. Rae1 f6 20. Qb3 Kh8 21. d4 Red6 22. Bxc6 Rxc6 23. dxe5 fxe5 24. Rxe5 Qf7 25. R5e2 Rf6 26. c4 Nf4 27. Bxf4 Rxf4 28. Re4 Rxe4 29. Rxe4 Rf8 30. Qc2 Bc5 31. Re2 Kg8 32. Qe4 Rd8 33. g3 b6 34. Kg2 Bd6 35. Nh4 Bc5 36. Nf3 Bd6 37. b3 Rf8 38. Nh4 Bc5 39. Nf3 Qf6 40. h4 Qf7 41. Ne5 Qe6 42. f4 Bd6 43. Qd5 Re8 44. Nf3 Qxd5 45. Rxe8+ Kf7 46. cxd5 Kxe8 47. Nd4 Bf8 48. Ne6 Ke7 49. Kf3 c6 50. Nxf8 Kxf8 51. dxc6 Ke7 52. Ke4 Kd6 53. h5 Kxc6 54. Kd4 b5 55. g4 bxa4 56. bxa4 Kd6 57. Kc4 Kc6 58. g5 Kd6 59. Kb5 Ke6 60. gxh6 gxh6 61. Kxa5 Kf5 62. Kb5 Kxf4 63. a5 Kg4 64. a6 Kxh5 65. a7 Kg4 66. a8=Q h5 67. Kc4 h4 68. Kd3 h3 69. Ke3 Kg3 70. Qg8+ Kh2 71. Kf2 1-0

[Event "CAN-ch"]
[Site "Guelph CAN"]
[Date "2011.05.10"]
[Round "8"]
[White "Anastasovski, Nikola"]
[Black "Guo, Joshua"]
[Result "0-1"]
[WhiteElo "2190"]
[BlackElo "2272"]
[PlyCount "131"]
[GameId "2160767909704603"]
[EventDate "2011.05.06"]
[EventType "swiss"]
[EventRounds "9"]
[EventCountry "CAN"]

1. e4 Nf6 2. e5 Nd5 3. c4 Nb6 4. d4 d6 5. f4 dxe5 6. fxe5 c5 7. d5 e6 8. Nc3 exd5 9. cxd5 c4 10. Be3 Bb4 11. Bxb6 Qxb6 12. Bxc4 O-O 13. Qd3 Bg4 14. Nf3 Nd7 15. e6 Bxf3 16. gxf3 Ne5 17. Qe4 Bxc3+ 18. bxc3 Nxc4 19. Qxc4 Qe3+ 20. Qe2 Qxc3+ 21. Kf2 fxe6 22. dxe6 Qc5+ 23. Kg2 Rf6 24. Rhe1 Re8 25. Qe3 Qxe3 26. Rxe3 Rfxe6 27. Rb3 b6 28. a4 Rg6+ 29. Kf2 Rc8 30. Ra2 Rgc6 31. a5 Rc2+ 32. Rxc2 Rxc2+ 33. Kg3 Rc6 34. Rd3 Rc7 35. Rd8+ Kf7 36. Rb8 bxa5 37. Rb5 a6 38. Rxa5 Ra7 39. h4 Ke6 40. Kg4 Kd6 41. h5 Kc6 42. f4 Kb6 43. Ra1 a5 44. Kg5 a4 45. h6 gxh6+ 46. Kf6 a3 47. Ke6 Kc5 48. f5 Kb4 49. f6 Kb3 50. f7 Ra8 51. Ke7 a2 52. Rh1 Kb2 53. Rh2+ Kb1 54. Rh1+ Kb2 55. Rh2+ Kb3 56. Rh3+ Kc4 57. Rh4+ Kd3 58. Rh3+ Kd4 59. Rh4+ Ke5 60. Rh1 a1=Q 61. Rh5+ Ke4 62. Rh4+ Kd5 63. Rh5+ Qe5+ 64. Rxe5+ Kxe5 65. f8=Q Rxf8 66. Kxf8 0-1

[Event "CAN-ch Post-Secondary A"]
[Site "Waterloo CAN"]
[Date "2011.01.15"]
[Round "1"]
[White "Clark, Robert1"]
[Black "Lacau Rodean, Iulia"]
[Result "0-1"]
[WhiteElo "1774"]
[BlackElo "2073"]
[PlyCount "76"]
[GameId "2160767909812859"]
[EventDate "2011.01.15"]
[EventType "team"]
[EventRounds "4"]
[EventCountry "CAN"]
[SourceTitle "EXT 2022"]
[Source "ChessBase"]
[SourceDate "2021.10.06"]
[SourceVersion "1"]
[SourceVersionDate "2021.10.06"]
[SourceQuality "1"]

1. d4 Nf6 2. c4 g6 3. Nc3 Bg7 4. e4 d6 5. Bd3 O-O 6. Nge2 e5 7. d5 Nh5 8. Be3 f5 9. f3 f4 10. Bf2 Nd7 11. Qd2 a6 12. O-O-O Nc5 13. Rdf1 Bd7 14. Bxc5 dxc5 15. g3 b5 16. cxb5 Bxb5 17. Bxb5 axb5 18. Nxb5 Rxa2 19. g4 Nf6 20. Qc2 Ra1+ 21. Kd2 Rxf1 22. Rxf1 c6 23. Nbc3 Kh8 24. Qd3 cxd5 25. Nxd5 Nxd5 26. exd5 Qa5+ 27. Kc2 Rb8 28. Nc3 Qb4 29. Rb1 c4 30. Qe4 Qb3+ 31. Kc1 Qb6 32. Qe2 Qd4 33. Kc2 Qc5 34. Qd2 Qb4 35. Qe1 Qb3+ 36. Kc1 e4 37. fxe4 f3 38. e5 Bh6+ 0-1

[Event "CAN-ch Post-Secondary A"]
[Site "Waterloo CAN"]
[Date "2011.01.15"]
[Round "1"]
[White "Farine, Jonathan"]
[Black "Xu, Haizhou"]
[Result "1/2-1/2"]
[WhiteElo "1891"]
[BlackElo "2041"]
[PlyCount "47"]
[GameId "2160767909812860"]
[EventDate "2011.01.15"]
[EventType "team"]
[EventRounds "4"]
[EventCountry "CAN"]
[SourceTitle "EXT 2022"]
[Source "ChessBase"]
[SourceDate "2021.10.06"]
[SourceVersion "1"]
[SourceVersionDate "2021.10.06"]
[SourceQuality "1"]

1. e4 c5 2. Nc3 d6 3. f4 g6 4. Nf3 Bg7 5. Bb5+ Bd7 6. Bc4 Nc6 7. O-O Nf6 8. e5 dxe5 9. fxe5 Ng4 10. Bxf7+ Kxf7 11. e6+ Kg8 12. exd7 Qxd7 13. Ne4 h6 14. h3 Nge5 15. Nxc5 Nxf3+ 16. Qxf3 Qd4+ 17. Qe3 b6 18. Ne6 Qxe3+ 19. dxe3 Bf6 20. c3 Kf7 21. Nd4 Ne5 22. e4 Nd3 23. Rf3 Ne5 24. Rf1 1/2-1/2

[Event "CAN-ch Post-Secondary A"]
[Site "Waterloo CAN"]
[Date "2011.01.15"]
[Round "1"]
[White "Ferreira, Alex"]
[Black "Gellner, Nicholas"]
[Result "1/2-1/2"]
[WhiteElo "2080"]
[BlackElo "1824"]
[PlyCount "121"]
[GameId "2160767909812861"]
[EventDate "2011.01.15"]
[EventType "team"]
[EventRounds "4"]
[EventCountry "CAN"]
[SourceTitle "EXT 2022"]
[Source "ChessBase"]
[SourceDate "2021.10.06"]
[SourceVersion "1"]
[SourceVersionDate "2021.10.06"]
[SourceQuality "1"]

1. e4 e5 2. Nf3 Nc6 3. Bb5 Nge7 4. O-O g6 5. Nc3 Bg7 6. Re1 O-O 7. Nd5 Nxd5 8. exd5 Nd4 9. Nxd4 exd4 10. d6 c6 11. Bc4 Qf6 12. d3 Qxd6 13. Bg5 Bf6 14. Qd2 b5 15. Bb3 Bb7 16. Bf4 Qc5 17. Re2 Rae8 18. Rae1 Rxe2 19. Qxe2 Qf5 20. Bh6 Bg7 21. Bxg7 Kxg7 22. Qe7 c5 23. f3 Rc8 24. Qd6 Rc6 25. Qb8 c4 26. dxc4 bxc4 27. Ba4 Re6 28. Rf1 Bc6 29. Qxa7 Bxa4 30. Qxa4 Qd5 31. Qb4 d3 32. Qc3+ Kg8 33. cxd3 cxd3 34. Rd1 Rd6 35. a4 Qa2 36. a5 Qa4 37. Rd2 Qb5 38. b4 Qa6 39. Kf2 Rd5 40. Qc7 Qb5 41. Qb6 Qxb6+ 42. axb6 Rb5 43. Rxd3 Rxb6 44. Rb3 Kf8 45. Ke3 Ke7 46. Kd4 Kd6 47. Kc4 Kc7 48. b5 Rd6 49. Rd3 Re6 50. Rd2 Re5 51. h3 Re1 52. h4 Rc1+ 53. Kd5 Rb1 54. Rc2+ Kb6 55. Kd6 Rd1+ 56. Ke5 Kxb5 57. Kf6 Rd4 58. Kxf7 Rxh4 59. Kf6 d5 60. g4 Rh3 61. Ke5 1/2-1/2

[Event "CAN-ch Post-Secondary A"]
[Site "Waterloo CAN"]
[Date "2011.01.15"]
[Round "1"]
[White "Khor, Siang Choon"]
[Black "Riordon, Jason"]
[Result "0-1"]
[WhiteElo "1738"]
[BlackElo "2049"]
[PlyCount "56"]
[GameId "2160767909812862"]
[EventDate "2011.01.15"]
[EventType "team"]
[EventRounds "4"]
[EventCountry "CAN"]
[SourceTitle "EXT 2022"]
[Source "ChessBase"]
[SourceDate "2021.10.06"]
[SourceVersion "1"]
[SourceVersionDate "2021.10.06"]
[SourceQuality "1"]

1. e4 e6 2. d4 d5 3. exd5 exd5 4. Bd3 Bd6 5. Ne2 Nf6 6. Bg5 O-O 7. c4 dxc4 8. Bxc4 Nc6 9. Nbc3 h6 10. Bh4 Bf5 11. Nd5 g5 12. Ne3 Bb4+ 13. Kf1 Bg6 14. Bg3 Re8 15. h4 Ne4 16. hxg5 hxg5 17. d5 Qf6 18. Ng4 Nxg3+ 19. Nxg3 Qf4 20. Nh6+ Kf8 21. Qg4 Qd2 22. Be2 Ne5 23. Nhf5 f6 24. Qh3 Nf7 25. Qg4 Qxb2 26. Rd1 Re5 27. Nd4 Kg8 28. Ne6 f5 0-1